000 00421pam a2200169 a 4500
020 _a0073034452
040 _cDLC
082 0 0 _a613 WCB 1999 A042 Or.
100 1 _aHahn, Dale B.
245 1 0 _aFocus on health /
250 _a4th ed.
260 _aBoston :
_bWCB/McGraw-Hill,
_cc1999.
300 _axxv, 466, [79] p. :
_bill. (chiefly col.) ;
_c28 cm.
650 0 _aHealth.
700 1 _aPayne, Wayne A.
942 _cEK
999 _c12439
_d12439